Emperor or Imposter? - Statistics

General Stats
  • This quiz has been taken 58 times
  • The average score is 11 of 25
Answers on the Grid
Answers color-coded by a green-red scale on the quiz's grid according to % correct below.
Augustus
Tiberius
Caligula
Claudius
Nero
Galba
Otho
Vitellius
Vespasian
Titus
Domitian
Nerva
Trajan
Hadrian
Antoninus Pius
Marcus Aurelius
Commodus
Septimius Severus
Caracalla
Elagabalus
Severus Alexander
Aurelian
Diocletian
Constantine the Great
Julian the Apostate
Aurelius Maximus
Tiberius Claudianus
Gaius Felix
Pominius Flavarus
Septimus Valerian
Marcus Flavian
Dominius Severin
Sulla
Augustus II
Publius Caesar
Hadrianus Magnus
Marius
Antonius Rex
Julianus Prima
Cassius Augustus
Valerius Pius
Titus Africanus
Gaius Dacianus
Flavius Dominus
Maximus Caesar
Severus Magnus
Lucian
Aurelianus Minor
Marcus Julius
Decimus Imperius
 
Answer Stats
Answer % Correct
Nero
69%
Augustus
62%
Hadrian
59%
Tiberius
56%
Caligula
51%
Constantine the Great
51%
Trajan
51%
Claudius
49%
Marcus Aurelius
49%
Aurelian
46%
Titus
44%
Caracalla
41%
Diocletian
41%
Nerva
41%
Vespasian
41%
Commodus
38%
Otho
38%
Antoninus Pius
33%
Domitian
33%
Septimius Severus
33%
Vitellius
33%
Elagabalus
31%
Galba
31%
Severus Alexander
26%
Julian the Apostate
23%
No matching quizzes found
Score Distribution
Percent of People with Each Score
Percentile by Number Answered
Your Score History
You have not taken this quiz